000 00625nam a2200145Ia 4500
008 100122s9999 xx 000 0 und d
082 _b46276
_a823.08
100 _aमतकरी रत्नाकर
245 _aरत्नाकर मतकरी यांच्या निवडक गुढकथा
260 _bमीनल प्रकाशन
_c1982
300 _a242
630 _aरत्नाकर मतकरी यांच्या निवडक गुढकथा
730 _aरत्नाकर मतकरी यांच्या निवडक गुढकथा
942 _cBOOK
999 _c425483
_d425480